NLSUI OPAC header image

Law of tort (Record no. 21202)

MARC details
000 -LEADER
fixed length control field 01439nam a2200217Ia 4500
003 - CONTROL NUMBER IDENTIFIER
control field OSt
005 - DATE AND TIME OF LATEST TRANSACTION
control field 20210925190930.0
008 - FIXED-LENGTH DATA ELEMENTS--GENERAL INFORMATION
fixed length control field 160316s2002 xxu||||| |||| 00| 0 eng d
040 ## - CATALOGING SOURCE
Transcribing agency n
082 ## - DEWEY DECIMAL CLASSIFICATION NUMBER
Classification number 346.030000
Item number GAN
100 ## - MAIN ENTRY--PERSONAL NAME
Personal name Gandhi B M
245 ## - TITLE STATEMENT
Title Law of tort
250 ## - EDITION STATEMENT
Edition statement 2nd
260 ## - PUBLICATION, DISTRIBUTION, ETC.
Place of publication, distribution, etc. Lucknow
Name of publisher, distributor, etc. Eastern Book Co.
Date of publication, distribution, etc. 2002
300 ## - PHYSICAL DESCRIPTION
Extent 403p
Dimensions xlii
365 ## - TRADE PRICE
Price amount Rs.160
505 ## - FORMATTED CONTENTS NOTE
Formatted contents note Table Of Contents:<br/>PART I<br/>General Principles<br/>I. History, Meaning and Nature <br/>II. Definition and DiDistinctions <br/>III. Classification <br/>IV. Parties to a Tort .<br/>V. Conditions Negativiiviiving Liability <br/>VI. Vicarious Liability <br/>VII. Extinction of Liability <br/>VIII. Remedies<br/><br/>PART II<br/>Specific Torts<br/>IX. Trespass to the Person <br/>X Defamation <br/>Xi Malicious Prosecution, Abuse of Legal Process, Maintenance and Champmperty <br/>XII. Torts against Famimily Relations and Miscellaneous RiRights <br/>XIII. Trespass to Land and Reversion <br/>XIV. Trespass to Goods .<br/>XV. Torts against Business Interests <br/>XVI. Negligence <br/>XVII. Nuisance <br/>XVIII. Strict Liability<br/>XIX. Liability of the Occupipiers and Owners of Property <br/>XX. Liability for Animimals & Chattels<br/>XXI Economimic Torts .<br/>XXII. Inchoate Torts<br/><br/>Part III<br/>Statutory Compensation<br/>XXIII. Statutory Compmpensation<br/><br/>Part IV<br/>Consumer Protection Act, 1986<br/>XXIV. Consumer Protection Act, 1986 .<br/>Subject Index<br/>
650 ## - SUBJECT ADDED ENTRY--TOPICAL TERM
Topical term or geographic name entry element 1.Torts Law
700 ## - ADDED ENTRY--PERSONAL NAME
Personal name
--
942 ## - ADDED ENTRY ELEMENTS (KOHA)
Source of classification or shelving scheme Dewey Decimal Classification
Koha item type BOOKs
Holdings
Withdrawn status Lost status Damaged status Not for loan Home library Current library Shelving location Date acquired Cost, normal purchase price Total Checkouts Full call number Barcode Date last seen Price effective from Koha item type
        NLS NLS NAB Compactor 30/05/2017 160.00   346.03 GAN 19262 30/05/2017 30/05/2017 BOOKs